000 01242naa a22003017a 4500
001 BR9504334
003 BR-BrBNA
005 20250721155530.0
007 ta
008 250630b bl.|||m| |||| 00| 0 por d
040 _aBR-BrBNA
_bpor
_cBiblioteca Nacional de Agricultura
041 _a(Pt)
072 _aP34
_b3920
090 _aP34 BR9504334
100 1 _aShot, L.
100 1 _aAraujo, R.S.
245 1 _aIntroducao de genis em rhizobium
500 _aManual de metodos empregados em estudos de microbiologia agricola Hungria, M.Araujo, R.S.(eds.) Brasilia, DF (Brasil): EMBRAPA. SPI, 1994. p. 201-226 [44 ref.] (BR9504334-AMS)
773 0 _tManual de metodos empregados em estudos de microbiologia agricola
_aHungria, M.; Araujo, R.S.(eds.). Centro Nacional de Pesquisa de Arroz e Feijao, Goiania, GO (Brasil)Centro Nacional de Pesquisa de Soja, Londrina, PR (Brasil)
_wP34 BR9504334
_gBrasilia, DF (Brasil), 1994. p. 201-226
650 _aRhizobium
650 _aGene
650 _aNodulacao
650 _aSimbiose
650 _aMeio de Cultura
490 _aDocumentos - Centro Nacional de Pesquisa de Arroz e Feijao (Brazil)
_vno. 46
_xISSN 0101-9716
942 _cAMS
_2AGRIS
909 _a202506
_bLúcia
_c55
_dLúcia Elande
999 _c337051
_d337051